[Event "SVK-chT3A 9697"]
[Site "Slovakia"]
[Date "1997.??.??"]
[Round "4"]
[White "Kohlman, Robert"]
[Black "Fabry, Robert"]
[Result "0-1"]
[WhiteElo "2280"]
[BlackElo "2235"]
[PlyCount "63"]
[EventDate "1996.??.??"]
[EventType "team-swiss"]
[EventRounds "11"]
[EventCountry "SVK"]
[SourceTitle "EXT 1998"]
[Source "ChessBase"]
[SourceDate "1997.11.17"]
[SourceVersion "1"]
[SourceVersionDate "1997.11.17"]
[SourceQuality "1"]

1. Nf3 Nf6 2. g3 g6 3. Bg2 Bg7 4. 0-0 0-0 5. c4 d6 6. Nc3 e5 7. d3 Nc6 8. Rb1 a5 9. a3 Nd4 10. e3 Nxf3+ 11. Bxf3 c6 12. b4 axb4 13. Rxb4 d5 14. cxd5 cxd5 15. Qb3 Be6 16. Qb1 Qc7 17. Bb2 Rfc8 18. Nb5 Qb8 19. Qa1 Nd7 20. Nc3 Qd6 21. Rb5 Nc5 22. d4 exd4 23. Ne2 Qa6 24. Bxd4 Bxd4 25. Nxd4 Qxa3 26. Qxa3 Rxa3 27. Kg2 Bd7 28. Rb6 Bc6 29. Rc1 Nd3 30. Nxc6 bxc6 31. Rbxc6 Rxc6 32. Rxc6 0-1

[Event "SVK-chT2 9697"]
[Site "Slovakia"]
[Date "1997.??.??"]
[Round "4"]
[White "Krajcovic, Branislav"]
[Black "Kohlman, Robert"]
[Result "1-0"]
[WhiteElo "2175"]
[BlackElo "2280"]
[PlyCount "61"]
[EventDate "1996.??.??"]
[EventType "team-swiss"]
[EventRounds "11"]
[EventCountry "SVK"]
[SourceTitle "EXT 1998"]
[Source "ChessBase"]
[SourceDate "1997.11.17"]
[SourceVersion "1"]
[SourceVersionDate "1997.11.17"]
[SourceQuality "1"]

1. e4 c5 2. Nc3 g6 3. f4 Bg7 4. Nf3 Nc6 5. Bb5 e6 6. Bxc6 dxc6 7. 0-0 Ne7 8. d3 0-0 9. Qe1 c4 10. dxc4 Qb6+ 11. Kh1 Qb4 12. Ne5 f6 13. a3 Qb6 14. Nd3 Qc7 15. Be3 Re8 16. Rd1 Bd7 17. Nc5 Bc8 18. Qh4 b6 19. Nd3 c5 20. Nf2 f5 21. Nb5 Qc6 22. Nd6 Bb7 23. Nxe8 Rxe8 24. c3 e5 25. fxe5 Bxe5 26. Bg5 fxe4 27. Qxe4 Qc7 28. Qe2 Qc6 29. Ng4 Nf5 30. Nxe5 Rxe5 31. Qd2 1-0

[Event "SVK-chT3A 9697"]
[Site "Slovakia"]
[Date "1997.??.??"]
[Round "6"]
[White "Mihalik, Marek"]
[Black "Kohlman, Robert"]
[Result "0-1"]
[WhiteElo "2130"]
[BlackElo "2280"]
[PlyCount "66"]
[EventDate "1996.??.??"]
[EventType "team-swiss"]
[EventRounds "11"]
[EventCountry "SVK"]
[SourceTitle "EXT 1998"]
[Source "ChessBase"]
[SourceDate "1997.11.17"]
[SourceVersion "1"]
[SourceVersionDate "1997.11.17"]
[SourceQuality "1"]

1. d4 d6 2. c4 e5 3. Nf3 Nd7 4. Nc3 c6 5. g3 g6 6. Bg2 Bg7 7. 0-0 Ngf6 8. e4 0-0 9. d5 Nc5 10. Re1 a5 11. b3 cxd5 12. cxd5 Bg4 13. h3 Bxf3 14. Bxf3 Qd7 15. Kh2 Ne8 16. Bb2 f5 17. Kg2 Nf6 18. Rc1 b5 19. exf5 gxf5 20. a4 b4 21. Nb5 Ne8 22. Be2 Rc8 23. Bc4 Kh8 24. Qd2 f4 25. g4 f3+ 26. Kh2 Rf4 27. Rg1 Nf6 28. Qe3 Nfe4 29. Rc2 h5 30. gxh5 Bf6 31. Rg4 Rg8 32. Rxg8+ Kxg8 33. Rc1 Qxh3+ 0-1

[Event "SVK-chT2A 9798"]
[Site "Slovakia"]
[Date "1997.??.??"]
[Round "?"]
[White "Sabolik, Frantisek"]
[Black "Kohlman, Robert"]
[Result "1/2-1/2"]
[WhiteElo "2105"]
[BlackElo "2215"]
[PlyCount "39"]
[EventDate "1997.??.??"]
[EventType "team"]
[EventRounds "11"]
[EventCountry "SVK"]
[SourceTitle "EXT 2001"]
[Source "ChessBase"]
[SourceDate "2000.11.22"]
[SourceVersion "1"]
[SourceVersionDate "2000.11.22"]
[SourceQuality "1"]

1. d4 d6 2. c4 e5 3. dxe5 dxe5 4. Qxd8+ Kxd8 5. Nc3 Be6 6. Nf3 f6 7. e4 c6 8. Be3 Kc7 9. 0-0-0 Nd7 10. Kb1 g6 11. Be2 Bh6 12. Bc1 Bxc1 13. Rxc1 Bg4 14. Rhd1 Nh6 15. b4 Rhd8 16. c5 Nf8 17. Bc4 Be6 18. Be2 Bg4 19. Bc4 Be6 20. Be2 1/2-1/2